|
|
|
|
| LEADER |
00000nam a2200000 a 4500 |
| 001 |
vtls011712499 |
| 003 |
SK-MaSNL |
| 005 |
20260301182503.0 |
| 008 |
180105s2017 xo a a 000 p slo |
| 015 |
|
|
|a SNBA2017/10
|
| 020 |
|
|
|a 9788081426780
|q (leporelo)
|
| 040 |
|
|
|a SNK
|b slo
|c SNK
|e AACR2
|
| 041 |
0 |
|
|a slo
|
| 044 |
|
|
|a xo
|c SK
|
| 072 |
|
7 |
|a 0/9-053.2
|x Literatúra pre deti a mládež (náučná)
|2 konspekt
|
| 080 |
|
|
|a 316.346.32-053.4
|2 2011
|
| 080 |
|
|
|a 159.955
|2 2011
|
| 080 |
|
|
|a 612.76
|2 2011
|
| 080 |
|
|
|a (0.05)
|2 2011
|
| 080 |
|
|
|a 821.162.4-1
|2 2011
|
| 080 |
|
|
|a (0.025.2)
|2 2011
|
| 100 |
1 |
|
|a Rabčanová, Elena
|4 aut
|4 ill
|4 bkd
|9 183140
|
| 245 |
1 |
0 |
|a V mori
|b interaktívna šnurovacia knižka
|c Elena Rabčanová
|
| 260 |
|
|
|a [Bratislava]
|b Fortuna Libri
|c 2017
|
| 300 |
|
|
|a [8] l.
|b fareb. ilustr.
|c 18 x 18 cm
|
| 500 |
|
|
|a Miesto vydania podľa ISBN
|
| 500 |
|
|
|a Názov z obalu
|
| 500 |
|
|
|a Kartónové listy zopnuté 3 kovovými krúžkami
|
| 521 |
1 |
|
|a Pre deti od 3 rokov
|
| 650 |
0 |
7 |
|a deti predškolského veku
|2 SNKPH
|9 4103
|
| 650 |
0 |
7 |
|a Preschool children
|2 SNKPHeng
|9 306219
|
| 650 |
0 |
7 |
|a rozvoj myslenia
|2 SNKPH
|9 3967
|
| 650 |
0 |
7 |
|a Development of thought
|2 SNKPHeng
|9 312971
|
| 650 |
0 |
7 |
|a motorické schopnosti
|2 SNKPH
|9 3304
|
| 650 |
0 |
7 |
|a Motor abilities
|2 SNKPHeng
|9 318094
|
| 655 |
|
7 |
|a publikácie pre deti
|2 SNKPH
|9 70148
|
| 655 |
|
7 |
|a Children's literature
|2 SNKPHeng
|9 276039
|
| 655 |
|
7 |
|a slovenská poézia
|2 SNKPH
|9 70444
|
| 655 |
|
7 |
|a Slovak poetry
|2 SNKPHeng
|9 265010
|
| 655 |
|
7 |
|a leporelá
|2 SNKPH
|9 60414
|
| 655 |
|
7 |
|a Picture books for children
|2 SNKPHeng
|9 277438
|
| 919 |
|
|
|a 978-80-8142-678-0
|
| 958 |
|
|
|a DB
|
| 999 |
|
|
|c 853839
|d 855769
|
| 952 |
|
|
|a SNK
|b SNK
|y PREZ
|7 0
|p 17A1272188
|o snkOSD 9999
|i snk2017/20856
|8 0
|0 0
|1 0
|4 0
|d 2017-09-27
|l 0
|r 2026-02-24 04:49:24
|w 2026-02-24
|
| 952 |
|
|
|a SNK
|b SNK
|y PREZ
|7 0
|p 17A1272189
|o snkOSD 9999 D1
|i snk2017/20858
|8 0
|0 0
|1 0
|4 0
|d 2017-09-27
|l 0
|r 2026-02-24 04:49:24
|w 2026-02-24
|